Bibliografía arqueológica de la provincia de Alicante / (Record no. 63790)

MARC details
000 -LEADER
campo de control de longitud fija 00827nam a2200205 i 4500
001 - NÚMERO DE CONTROL
campo de control 63790
003 - IDENTIFICADOR DE NÚMERO DE CONTROL
campo de control ES-MaACL
005 - FECHA Y HORA DE LA ÚLTIMA TRANSACCIÓN
campo de control 20250905063042.0
007 - CAMPO FIJO DE DESCRIPCIÓN FÍSICA--INFORMACIÓN GENERAL
campo de control de longitud fija t|
008 - DATOS DE LONGITUD FIJA--INFORMACIÓN GENERAL
campo de control de longitud fija 031217s1958 sp ||||1| spa d
100 1# - ENTRADA PRINCIPAL--NOMBRE DE PERSONA
Nombre de persona Figueras Pacheco, Francisco,
Fechas asociadas al nombre 1880-1960
9 (RLIN) 50766
245 10 - MENCIÓN DEL TÍTULO
Título Bibliografía arqueológica de la provincia de Alicante /
Mención de responsabilidad, etc. Francisco Figueras Pacheco, Domingo Fletcher Valls.
260 ## - PUBLICACIÓN, DISTRIBUCIÓN, ETC.
Lugar de publicación, distribución, etc. Alicante :
Nombre del editor, distribuidor, etc. Comisión Provincial de Monumentos Históricos y Artísticos,
Fecha de publicación, distribución, etc. 1958.
300 ## - DESCRIPCIÓN FÍSICA
Extensión 315 p. ;
Dimensiones 21 cm.
651 #4 - PUNTO DE ACCESO ADICIONAL DE MATERIA--NOMBRE GEOGRÁFICO
Nombre geográfico Alicante (Provincia)-
Subdivisión general Restos arqueológicos-
Subdivisión de forma Bibliografías.
9 (RLIN) 166827
700 1# - ENTRADA AGREGADA--NOMBRE PERSONAL
Nombre de persona Fletcher Valls, Domingo.
9 (RLIN) 51192
710 2# - ENTRADA AGREGADA--NOMBRE DE ENTIDAD CORPORATIVA
Nombre de entidad corporativa o nombre de jurisdicción como elemento de entrada Comisión Provincial de Monumentos Históricos y Artísticos (Alicante)
9 (RLIN) 3061
852 ## - LOCALIZACIÓN
Ubicación ES-MaACL
Número de control de estantería C-15082
Sublocalización o colección R.42909
Holdings
Estatus retirado Estado de pérdida Estado de daño No para préstamo Biblioteca de origen Biblioteca actual Ubicación en estantería Fecha de adquisición Fuente de adquisición Total de préstamos Signatura topográfica completa Código de barras Visto por última vez Precio de reemplazo Tipo de ítem Koha
        Biblioteca del Ateneo de Madrid Biblioteca del Ateneo de Madrid Ficheros 17/01/2008     C-15082 1066852 23/02/2023 23/02/2023 Libro impreso